| 000 | 00642cam a2200229 4500 | ||
|---|---|---|---|
| 001 | B3413 | ||
| 008 | 090401t1990 xxu||||| |||| 00| 0 eng d | ||
| 035 | _a(Sirsi) u55921 | ||
| 041 | _aeng | ||
| 050 | _a333.33 | ||
| 090 | _aRICS 1990/91AB | ||
| 110 |
_aRoyal Institution of Chartered Surveyors _94900 |
||
| 245 | 4 | _aThe members` conference. Birmingham Metropole 18-20 October 1990. Biographical notes | |
| 260 | _c1990 | ||
| 300 | _aca.40p. ; 30cm. | ||
| 350 | _a0 | ||
| 650 | _aANNUAL CONFERENCE 1990 | ||
| 650 | _aINSTITUTION AND COLLEGE CONFERENCES | ||
| 650 | _aMEMBERS CONFERENCE 1990 | ||
| 942 | _n0 | ||
| 948 | _c04/03/1997 | ||
| 999 |
_c93677 _d93677 |
||